书目信息 |
| 题名: |
管理类联考·老吕数学要点精编
|
|
| 作者: | 吕建刚 主编 | |
| 分册: | 基础篇 | |
| 出版信息: | 北京 北京理工大学出版社 2020.11 |
|
| 页数: | 150页 | |
| 开本: | 26cm | |
| 丛书名: | 老吕专硕系列 | |
| 单 册: | ||
| 中图分类: | C93 , O13 | |
| 科图分类: | ||
| 主题词: | 管理学--guan li xue--研究生--入学考试--升学参考资料 , 高等数学--gao deng shu xue--研究生--入学考试--升学参考资料 | |
| 电子资源: | ||
| ISBN: | 978-7-5682-9218-4 | |
| 000 | 01710nam 2200337 450 | |
| 001 | CAL 0120213143985 | |
| 005 | 20230307155217.04 | |
| 010 | @a978-7-5682-9218-4@dCNY49.90 | |
| 100 | @a20210112d2020 em y0chiy0120 ea | |
| 101 | 0 | @achi |
| 102 | @aCN@b110000 | |
| 105 | @aak z 000yy | |
| 106 | @ar | |
| 200 | 1 | @a管理类联考·老吕数学要点精编@Aguan li lei lian kao · lao lu^ shu xue yao dian jing bian@i基础篇@f主编吕建刚 |
| 205 | @a第7版 | |
| 210 | @a北京@c北京理工大学出版社@d2020.11 | |
| 215 | @a150页@c图@d26cm | |
| 225 | 2 | @a老吕专硕系列@Alao lu^ zhuan shuo xi lie |
| 300 | @aMBA/MPA/MPAcc | |
| 314 | @a吕建刚, 管综逻辑/数学/写作全能名师。12年管理类联考授课经验, 解题技巧简单粗暴, 授课风格幽默搞笑。 | |
| 330 | @a本书分为基础篇和母题篇分册, 基础篇注重基础知识的梳理和讲解, 围绕大纲开展思维导图, 旨在帮助考生熟悉考点, 认识题型, 打牢基础。基础篇有6章内容, 每章部分包括: 本章考点大纲原文、本章知识架构、基础知识、典型例题、本节习题自测板块。母题篇注重重点题型及题型变化的归纳总结, 包括7章内容, 每章包括: 历年真题考点统计和命题趋势及预测、母题精讲、母题技巧、母题变化板块, 帮助考生举一反三, 在夯实基础的同时掌握做题方法, 快速解题, 同时掌握命题的趋势, 清晰复方向。本册为基础篇。 | |
| 410 | 0 | @12001 @a老吕专硕系列 |
| 516 | 1 | @a2022MBA/MPA/MPAcc管理类联考老吕数学要点精编@A2022MBA/MPA/MPAcc guan li lei lian kao lao lu^ shu xue yao dian jing bian@i基础篇 |
| 517 | 1 | @a基础篇@Aji chu pian |
| 606 | 0 | @a管理学@Aguan li xue@x研究生@x入学考试@j升学参考资料 |
| 606 | 0 | @a高等数学@Agao deng shu xue@x研究生@x入学考试@j升学参考资料 |
| 690 | @aC93@v5 | |
| 690 | @aO13@v5 | |
| 701 | 0 | @a吕建刚@Alu^ jian gang@4主编 |
| 801 | 0 | @aCN@bBJXHZP@c20230228 |
| 905 | @b1406167-70@dC93@e977=7@f4 | |
| 管理类联考·老吕数学要点精编.基础篇/主编吕建刚.-第7版.-北京:北京理工大学出版社,2020.11 |
| 150页:图;26cm.-(老吕专硕系列) |
| MBA/MPA/MPAcc |
| ISBN 978-7-5682-9218-4:CNY49.90 |
| 本书分为基础篇和母题篇分册, 基础篇注重基础知识的梳理和讲解, 围绕大纲开展思维导图, 旨在帮助考生熟悉考点, 认识题型, 打牢基础。基础篇有6章内容, 每章部分包括: 本章考点大纲原文、本章知识架构、基础知识、典型例题、本节习题自测板块。母题篇注重重点题型及题型变化的归纳总结, 包括7章内容, 每章包括: 历年真题考点统计和命题趋势及预测、母题精讲、母题技巧、母题变化板块, 帮助考生举一反三, 在夯实基础的同时掌握做题方法, 快速解题, 同时掌握命题的趋势, 清晰复方向。本册为基础篇。 |
| ● |
| 相关链接 |
|
|
|
|
正题名:管理类联考·老吕数学要点精编
索取号:C93/977=7
 
预约/预借
| 序号 | 登录号 | 条形码 | 馆藏地/架位号 | 状态 | 备注 |
| 1 | 1406167 | 214061673 | 第一样本阅览室/ [索取号:C93/977=7] | 在馆 | |
| 2 | 1406168 | 214061682 | 第一借阅区/ [索取号:C93/977=7] | 在馆 | |
| 3 | 1406169 | 214061691 | 第一借阅区/ [索取号:C93/977=7] | 在馆 | |
| 4 | 1406170 | 214061708 | 第一借阅区/ [索取号:C93/977=7] | 在馆 |